[Event "Summertime Unity Tournament"]
[Site "SchemingMind.com"]
[Date "2016.08.22"]
[Round "-"]
[White "Andoni Zabala"]
[Black "Scooter"]
[Result "0-1"]
[WhiteCountry "INT"]
[BlackCountry "USA"]
[WhiteElo "1824"]
[WhiteRD "80"]
[BlackElo "1777"]
[BlackRD "56"]
[GameID "402835"]

1. e4 c6 2. d4 d5 3. Nc3 dxe4 4. Nxe4 Bf5 5. Ng3 Bg6 6. h4 h6 7. Nf3 Qc7 8. Ne5 Bh7 9. Bc4 e6 10. Qe2 Nf6
11. Bd2 Bd6 12. O-O-O Bxe5 13. dxe5 Nd5 14. f4 Nd7 15. Bd3 Bxd3 16. Qxd3 O-O-O 17. Ne4 N7b6 18. Nd6+ Kb8 19. g3 Nc8 20. c4 Nde7
21. c5 Qd7 22. Qb3 Nxd6 23. exd6 Nd5 24. Rhe1 Rhe8 25. Re4 f6 26. Ra4 e5 27. Qa3 b5 28. cxb6 Nxb6 29. Rb4 Qxd6 30. Qb3 Kc7
31. fxe5 fxe5 32. a4 Qd5 33. Qc2 Qa2 34. Qe4 Rd5 35. Re1 Rc5+ 36. Bc3 Nd5 37. Qg6 Re7 38. Kd1 Nxc3+ 39. Kd2 Rd7+ 40. Ke3 Nd5+
0-1

[Event "Summertime Unity Tournament"]
[Site "SchemingMind.com"]
[Date "2016.08.22"]
[Round "-"]
[White "Scooter"]
[Black "Andoni Zabala"]
[Result "0-1"]
[WhiteCountry "USA"]
[BlackCountry "INT"]
[WhiteElo "1738"]
[WhiteRD "54"]
[BlackElo "1816"]
[BlackRD "84"]
[GameID "402836"]

1. d4 Nf6 2. Bf4 g6 3. Nf3 Bg7 4. e3 O-O 5. Be2 d5 6. O-O b6 7. Nbd2 Bb7 8. h3 Nbd7 9. c4 Rc8 10. Rc1 c5
11. dxc5 bxc5 12. cxd5 Nxd5 13. Bg3 Bxb2 14. Rb1 Nc3 15. Qe1 Nxb1 16. Qxb1 Bxf3
0-1

[Event "Summertime Unity Tournament"]
[Site "SchemingMind.com"]
[Date "2016.08.22"]
[Round "-"]
[White "Andoni Zabala"]
[Black "kenneth m day"]
[Result "1-0"]
[WhiteCountry "INT"]
[BlackCountry "USA"]
[WhiteElo "1855"]
[WhiteRD "81"]
[BlackElo "1705"]
[BlackRD "56"]
[GameID "402837"]

1. e4 e5 2. Nf3 Nc6 3. Bc4 Bc5 4. b4 Bxb4 5. c3 Be7 6. d4 Na5 7. Nxe5 Nxc4 8. Nxc4 Nf6 9. e5 Nd5 10. O-O O-O
11. a4 b6 12. Qc2 Bb7 13. Nbd2 Bg5 14. Ne4 Be7 15. Ne3 Nf4 16. f3 d5 17. exd6 cxd6 18. Nf5 Ng6 19. Nxe7+ Nxe7 20. Re1 Rc8
21. Nxd6 Qxd6 22. Ba3 Qxd4+ 23. Qf2 Qxf2+ 24. Kxf2 Rxc3 25. Bxe7 Rc2+ 26. Kg3 Re8 27. Ra3 Bd5 28. Rae3 Be6 29. Bd6 h6 30. f4 g6
31. h4 Ra2 32. h5 Rxa4 33. hxg6 Kg7 34. f5 Rd4 35. Be5+
1-0

[Event "Summertime Unity Tournament"]
[Site "SchemingMind.com"]
[Date "2016.08.22"]
[Round "-"]
[White "kenneth m day"]
[Black "Andoni Zabala"]
[Result "0-1"]
[WhiteCountry "USA"]
[BlackCountry "INT"]
[WhiteElo "1705"]
[WhiteRD "56"]
[BlackElo "1855"]
[BlackRD "81"]
[GameID "402838"]

1. e4 c6 2. c4 d5 3. cxd5 cxd5 4. exd5 a6 5. Nc3 Nf6 6. Bc4 g6 7. d4 Bg7 8. Nf3 O-O 9. Bg5 b5 10. Bb3 Bb7
11. O-O h6 12. Bh4 g5 13. Bg3 Nxd5 14. Qd3 Nc6 15. Rfe1 Ncb4 16. Qe2 e6 17. a3 Nxc3 18. bxc3 Nd5 19. Qd3 Rc8 20. Rac1 Qa5
21. Bd6 Rfd8 22. Bc5 Rxc5 23. dxc5 Nf4 24. Qe3 Rd3 25. Rcd1 Rxe3 26. Rxe3 Bxf3 27. Rxf3 Qxa3 28. Bc2 Qxc5 29. Rd8+ Bf8 30. Re3 Kg7
31. g3 Nd5 32. Rf3 Qc7 33. Ra8 Nxc3 34. Bd3 Qc6
0-1

[Event "Summertime Unity Tournament"]
[Site "SchemingMind.com"]
[Date "2016.08.22"]
[Round "-"]
[White "Andoni Zabala"]
[Black "ray winteringham"]
[Result "1-0"]
[WhiteCountry "INT"]
[BlackCountry "ENG"]
[WhiteElo "1816"]
[WhiteRD "84"]
[BlackElo "1490"]
[BlackRD "52"]
[GameID "402839"]

1. e4 e5 2. Nf3 Nc6 3. Bc4 Bc5 4. b4 Bb6 5. a4 Nxb4 6. a5 Bc5 7. c3 Nc6 8. d4 exd4 9. Qb3 Qe7 10. O-O Nf6
11. e5 Nxe5 12. Nxe5 Qxe5 13. Bxf7+ Ke7 14. Bd2 Kd8 15. Na3 Qe7 16. Rfe1 Qd6 17. Nb5 Qf8 18. cxd4 Be7 19. Rac1 c6 20. Nxa7 Nd5
21. Bxd5 Qf6 22. Qb6+ Ke8 23. Nxc8 Rxc8 24. Qxb7 Rd8 25. Bb4 Qxd4 26. Rxe7+
1-0

[Event "Summertime Unity Tournament"]
[Site "SchemingMind.com"]
[Date "2016.08.22"]
[Round "-"]
[White "ray winteringham"]
[Black "Andoni Zabala"]
[Result "0-1"]
[WhiteCountry "ENG"]
[BlackCountry "INT"]
[WhiteElo "1490"]
[WhiteRD "52"]
[BlackElo "1816"]
[BlackRD "84"]
[GameID "402840"]

1. e4 c6 2. d4 d5 3. e5 Bf5 4. Bd3 Bxd3 5. Qxd3 e6 6. Nf3 Qb6 7. b3 c5 8. c3 cxd4 9. cxd4 Bb4+ 10. Bd2 Ne7
11. O-O Nbc6 12. Be3 Nf5 13. a3 Nxe3 14. Qxe3 Be7 15. b4 O-O 16. Nc3 Rac8 17. b5 Na5 18. a4 Nc4 19. Qd3 h6 20. Nd2 Bb4
21. Nxc4 Rxc4 22. Ne2 Rfc8 23. Qb3 Ba5 24. Ng3 Qxd4 25. Rfd1 Qxe5 26. Re1 Bxe1
0-1

[Event "Summertime Unity Tournament"]
[Site "SchemingMind.com"]
[Date "2016.08.22"]
[Round "-"]
[White "Andoni Zabala"]
[Black "Stephen Woodhouse"]
[Result "0-1"]
[WhiteCountry "INT"]
[BlackCountry "ENG"]
[WhiteElo "1824"]
[WhiteRD "80"]
[BlackElo "1872"]
[BlackRD "55"]
[GameID "402841"]

1. e4 e6 2. d4 d5 3. Nc3 Nf6 4. Bg5 dxe4 5. Nxe4 Be7 6. Bxf6 Bxf6 7. Nf3 O-O 8. Qd2 Nd7 9. O-O-O b6 10. h4 Bb7
11. Bd3 c5 12. Nxf6+ Nxf6 13. Rh3 Bxf3 14. Rxf3 Qxd4 15. Qg5 h6 16. Qg3 Qg4 17. Qh2 Rad8 18. Rf4 Qh5 19. f3 Nd5 20. Re4 Nb4
21. a3 Nxd3+ 22. cxd3 Qd5 23. g4 Qb3 24. Qe2 Rd5 25. Re5 Rfd8 26. Rxd5 Rxd5 27. Qe4 Qb5 28. Kc2 Qd7 29. b3 Rd4 30. Qe5 Qd6
31. Qxd6 Rxd6 32. Re1 Kf8 33. Re4 Rd4 34. Kc3 Rxe4 35. dxe4 Ke7 36. Kc4 a6 37. e5 Kd7 38. f4 Kc6 39. h5 b5+ 40. Kd3 Kd5
41. a4 c4+ 42. bxc4+ bxc4+ 43. Kc2 Ke4 44. Kc3 Kxf4 45. Kxc4 Kxe5 46. Kc5 f5
0-1

[Event "Summertime Unity Tournament"]
[Site "SchemingMind.com"]
[Date "2016.08.22"]
[Round "-"]
[White "Stephen Woodhouse"]
[Black "Andoni Zabala"]
[Result "0-1"]
[WhiteCountry "ENG"]
[BlackCountry "INT"]
[WhiteElo "1872"]
[WhiteRD "55"]
[BlackElo "1824"]
[BlackRD "80"]
[GameID "402842"]

1. e4 c6 2. d4 d5 3. exd5 cxd5 4. c4 Nf6 5. Nc3 e6 6. Nf3 Be7 7. cxd5 Nxd5 8. Bd3 O-O 9. O-O Nc6 10. Qe2 Ncb4
11. Nxd5 Nxd5 12. a3 a6 13. Qe4 f5 14. Qe2 h6 15. Ne5 Qe8 16. Qf3 g5 17. Qg3 Qh5 18. Be2 Qxe2 19. Ng6 Rf7 20. Nxe7+ Rxe7
21. h4 Qh5 22. hxg5 hxg5 23. f4 g4 24. Bd2 Bd7 25. Kf2 Rh7 26. Rh1 Qg6 27. Rh4 Qf6 28. Rah1 Rxh4 29. Rxh4 Qxd4+ 30. Ke1 Qxb2
31. Qh2 Qa1+ 32. Ke2 Bb5+ 33. Kf2 Qf1+ 34. Kg3 Qd3+ 35. Kf2 Qxd2+ 36. Kg3 Qe3#
0-1

[Event "Summertime Unity Tournament"]
[Site "SchemingMind.com"]
[Date "2016.08.22"]
[Round "-"]
[White "Andoni Zabala"]
[Black "Wojtek26"]
[Result "1-0"]
[WhiteCountry "INT"]
[BlackCountry "POL"]
[WhiteElo "1824"]
[WhiteRD "80"]
[BlackElo "1469"]
[BlackRD "44"]
[GameID "402843"]

1. e4 e5 2. Nf3 Nc6 3. Bc4 Nf6 4. Ng5 d5 5. exd5 b5 6. Bf1 Qxd5 7. Nc3 Qd8 8. Bxb5 Bd7 9. Qf3 h6 10. Bxc6 Bxc6
11. Qxc6+ Nd7 12. Nf3 Bd6 13. Nb5 Ke7 14. Nxd6 cxd6 15. c3 Rc8 16. Qa4 Qc7 17. d3 Nc5 18. Qc2 Rhe8 19. O-O Kf8 20. Be3 Qe7
21. Bxc5 Rxc5 22. d4 exd4 23. Rfe1 Qd7 24. Rxe8+ Qxe8 25. Re1 Qd7 26. Nxd4 Rg5 27. Qh7 Re5 28. Re3 Rxe3 29. fxe3 Qg4 30. Nf5 Qd1+
31. Kf2 Qc2+ 32. Kg3 f6 33. Qxg7+
1-0

[Event "Summertime Unity Tournament"]
[Site "SchemingMind.com"]
[Date "2016.08.22"]
[Round "-"]
[White "Wojtek26"]
[Black "Andoni Zabala"]
[Result "0-1"]
[WhiteCountry "POL"]
[BlackCountry "INT"]
[WhiteElo "1469"]
[WhiteRD "44"]
[BlackElo "1824"]
[BlackRD "80"]
[GameID "402844"]

1. d4 Nf6 2. Nf3 g6 3. e3 Bg7 4. Bc4 O-O 5. O-O d5 6. Bd3 b6 7. Nbd2 Bb7 8. c4 Na6 9. b3 c5 10. cxd5 Nxd5
11. dxc5 Bxa1 12. cxb6 Nxe3 13. fxe3 Qxd3 14. Ba3 Qxe3+ 15. Kh1 Bf6 16. Re1 Qxb6 17. Nc4 Qc7 18. Qc2 Rfe8 19. Ne3 Qxc2
0-1

[Event "Summertime Unity Tournament"]
[Site "SchemingMind.com"]
[Date "2016.08.24"]
[Round "-"]
[White "Andoni Zabala"]
[Black "Clive Everill"]
[Result "1-0"]
[WhiteCountry "INT"]
[BlackCountry "CZE"]
[WhiteElo "1822"]
[WhiteRD "82"]
[BlackElo "1711"]
[BlackRD "57"]
[GameID "402857"]

1. e4 d6 2. d4 Nf6 3. Nc3 e5 4. dxe5 dxe5 5. Qxd8+ Kxd8 6. Bg5 Be6 7. O-O-O+ Nd7 8. f4 exf4 9. Bxf4 Ng4 10. Nh3 Be7
11. Be2 Nf6 12. Ng5 h6 13. Nxe6+ fxe6 14. Bc4 g5 15. Be5 Rh7 16. Rhf1 Ke8 17. Bxf6 Nxf6 18. Bxe6 Rd8 19. Rxd8+ Bxd8 20. g4 Ke7
21. Bf5 Rg7 22. Nd5+ Nxd5 23. exd5 Rf7 24. c4 Kd6 25. Re1 Kc5 26. b3 c6 27. dxc6 bxc6 28. Re8 Bf6 29. Re6 Bg7 30. a3 Rb7
31. Kc2 a5 32. a4 Rf7 33. h3 h5 34. Kd3 hxg4 35. hxg4 Bb2 36. Be4 Rc7 37. Kc2 Bd4 38. Kd3 Bb2 39. Kd2 Bd4 40. Rg6 Kb4
41. Kc2 c5 42. Rxg5 Re7 43. Bd3 Rf7 44. Rf5 Rh7 45. Rh5 Rf7 46. Rh2 Re7 47. Re2 Rg7 48. Bf5 Rf7 49. Re8 Rb7 50. g5 Rf7
51. Bd3 Rf2+ 52. Re2 Rxe2+ 53. Bxe2 Ka3 54. g6 Kb4 55. Bd1 Bg7 56. Kd3 Bf6 57. Ke4 Kc3 58. Kf5 Bd4 59. Ke6 Kd2 60. Bf3 Kc3
61. Bc6 Kxb3 62. Bb5 Kc3 63. Kf7 Bh8 64. g7 Bxg7 65. Kxg7 Kb3 66. Kf6 Kb4 67. Ke5 Kc3 68. Kd5 Kb4 69. Kc6
1-0

[Event "Summertime Unity Tournament"]
[Site "SchemingMind.com"]
[Date "2016.08.24"]
[Round "-"]
[White "Clive Everill"]
[Black "Andoni Zabala"]
[Result "0-1"]
[WhiteCountry "CZE"]
[BlackCountry "INT"]
[WhiteElo "1716"]
[WhiteRD "55"]
[BlackElo "1824"]
[BlackRD "80"]
[GameID "402858"]

1. e4 c6 2. d4 d5 3. Nd2 dxe4 4. Nxe4 Bf5 5. Ng3 Bg6 6. h4 h6 7. Nf3 Nd7 8. h5 Bh7 9. Bd3 Bxd3 10. Qxd3 e6
11. Bf4 Qb6 12. O-O-O Ngf6 13. Rhe1 Be7 14. Ne5 O-O 15. Qd2 Qb4 16. c3 Qa5 17. a3 Rad8 18. Nc4 Qb5 19. Bd6 Bxd6 20. Nxd6 Qb3
21. Kb1 Nb8 22. Nde4 Nxe4 23. Nxe4 b6 24. Re3 c5 25. Rg3 f5 26. Nxc5 bxc5 27. Re1 Rf6 28. Qf4 cxd4 29. cxd4 Qd5 30. Rd1 Qe4+
31. Qxe4 fxe4 32. f3 exf3 33. gxf3 Nc6 34. Rdg1 Rf7 35. Rg6 Nxd4 36. Rxh6 Nxf3 37. Rg3 e5 38. Rhg6 e4 39. h6 Rdd7 40. Rh3 Rd1+
41. Ka2 Rg1 42. h7+ Kh8 43. Re6 Rf8 44. Re7 a5 45. Rh5 Rg5 46. Rh1 Re5 47. Rc7 e3 48. Rhc1 e2 49. Rc8 Rxc8 50. Rxc8+ Kxh7
0-1

[Event "Summertime Unity Tournament"]
[Site "SchemingMind.com"]
[Date "2016.08.24"]
[Round "-"]
[White "David Hartley"]
[Black "Clive Everill"]
[Result "0-1"]
[WhiteCountry "ENG"]
[BlackCountry "CZE"]
[WhiteElo "1797"]
[WhiteRD "69"]
[BlackElo "1716"]
[BlackRD "55"]
[GameID "402859"]

1. e4 d6 2. d4 Nf6 3. Nc3 c6 4. f4 Qa5 5. Bd3 e5 6. Nf3 Bg4 7. dxe5 dxe5 8. f5 b5 9. Bd2 b4 10. Nb1 Bd6
11. O-O c5 12. Be3 Nc6 13. c3 bxc3 14. Nxc3 Nd4 15. Rf2 O-O 16. Be2 Rab8 17. Na4 Nxe4 18. Rf1 Nxe2+
0-1

[Event "Summertime Unity Tournament"]
[Site "SchemingMind.com"]
[Date "2016.08.24"]
[Round "-"]
[White "Clive Everill"]
[Black "David Hartley"]
[Result "0-1"]
[WhiteCountry "CZE"]
[BlackCountry "ENG"]
[WhiteElo "1711"]
[WhiteRD "57"]
[BlackElo "1841"]
[BlackRD "68"]
[GameID "402860"]

1. d4 d5 2. c4 e6 3. Nf3 c5 4. cxd5 exd5 5. g3 Nc6 6. Bg2 Nf6 7. O-O Be7 8. Nc3 cxd4 9. Nxd4 O-O 10. Be3 Be6
11. Rc1 Qd7 12. Nxc6 bxc6 13. Na4 Qc7 14. Bc5 Rfc8 15. Re1 Rab8 16. b3 Rb7 17. e4 dxe4 18. Bxe4 Nxe4 19. Rxe4 Rd8 20. Qe1 Qc8
21. f4 Bf8 22. Bxf8 Kxf8 23. Nc5 Rc7 24. Nxe6+ fxe6 25. Rxe6 c5 26. Qe5 c4 27. bxc4 Rxc4 28. Rxc4 Qxc4 29. Qf5+ Kg8 30. Qe5 Kf8
31. Qe2 Qc1+ 32. Qe1 Rd1 33. Re8+ Kf7 34. Re7+ Kf6 35. Re6+ Kf5 36. Re5+ Kg4 37. Qxd1+ Qxd1+ 38. Kf2 Qf3+ 39. Ke1 Qh1+ 40. Kd2 Qxh2+
41. Re2 Qxg3 42. Re7 Kxf4 43. Rf7+ Ke5
0-1

[Event "Summertime Unity Tournament"]
[Site "SchemingMind.com"]
[Date "2016.08.27"]
[Round "-"]
[White "Clive Everill"]
[Black "emvarela"]
[Result "1-0"]
[WhiteCountry "CZE"]
[BlackCountry "ARG"]
[WhiteElo "1710"]
[WhiteRD "56"]
[BlackElo "1719"]
[BlackRD "51"]
[GameID "402863"]

1. c4 Nf6 2. Nc3 g6 3. e4 d6 4. d4 Bg7 5. Nf3 O-O 6. h3 c5 7. d5 a6 8. Bd3 e6 9. O-O exd5 10. exd5 Re8
11. Bf4 Qc7 12. Qc2 Nbd7 13. Qd2 Ne5 14. Be2 Nxf3+ 15. Bxf3 Bf5 16. Rfe1 Rxe1+ 17. Rxe1 Re8 18. Rxe8+ Nxe8 19. g4 Bc8 20. Ne4 f5
21. gxf5 Bxf5 22. Ng5 Qd7 23. Bg2 h6 24. Ne6 Bxe6 25. dxe6 Qxe6 26. Bd5
1-0

[Event "Summertime Unity Tournament"]
[Site "SchemingMind.com"]
[Date "2016.08.24"]
[Round "-"]
[White "emvarela"]
[Black "Clive Everill"]
[Result "0-1"]
[WhiteCountry "ARG"]
[BlackCountry "CZE"]
[WhiteElo "1719"]
[WhiteRD "51"]
[BlackElo "1710"]
[BlackRD "56"]
[GameID "402864"]

1. e4 d6 2. d4 Nf6 3. Nc3 g6 4. f4 Bg7 5. Nf3 O-O 6. Bd3 Na6 7. Bxa6 bxa6 8. O-O e6 9. Be3 Bb7 10. e5 dxe5
11. dxe5 Ng4 12. Qe2 Nxe3 13. Qxe3 Qe7 14. a3 Rfd8 15. Rad1 Rxd1 16. Rxd1 Bh6 17. g4 Qe8 18. Nd4 Bf8 19. b4 c5 20. bxc5 Bxc5
21. Nce2 Qc6 22. Kf1 Qg2+ 23. Ke1 Qxg4 24. c3 Qh4+ 25. Qg3 Qe7 26. a4 Qe8 27. f5 Qxa4 28. fxe6 fxe6 29. Nxe6 Be7 30. N2d4 Rc8
31. Ne2 Bh4
0-1

[Event "Summertime Unity Tournament"]
[Site "SchemingMind.com"]
[Date "2016.08.24"]
[Round "-"]
[White "Clive Everill"]
[Black "Scooter"]
[Result "1-0"]
[WhiteCountry "CZE"]
[BlackCountry "USA"]
[WhiteElo "1716"]
[WhiteRD "55"]
[BlackElo "1777"]
[BlackRD "56"]
[GameID "402865"]

1. Nf3 Nf6 2. d4 g6 3. c4 Bg7 4. Nc3 O-O 5. Bg5 d6 6. e3 Bg4 7. Be2 Nbd7 8. O-O h6 9. Bxf6 Nxf6 10. Qc2 c6
11. Rad1 Qc7 12. b4 Rac8 13. h3 Bxf3 14. Bxf3 d5 15. c5 e5 16. dxe5 Qxe5 17. a3 Nd7 18. Ne2 Qb2 19. Qa4 Ne5 20. Nd4 Nc4
21. Qxa7 Bxd4 22. exd4 Qxa3 23. Qxb7 Qb2 24. Rfe1 Nd2 25. Bg4 Rb8 26. Qxc6 Qxb4 27. Re2 Ne4 28. Re3 Qb2 29. Re2 Qb3 30. Rde1 h5
31. Bf3 Nc3 32. Re3 Qb4 33. Qf6 Nb5 34. Qg5 Kh7 35. Qxd5 Nxd4 36. Re4 Nxf3+ 37. gxf3 Qb3 38. Qxb3 Rxb3 39. R4e3 Rb5 40. Rc3 Rc8
41. Rec1 Kg7 42. c6 Rb6 43. Kg2 Kf6 44. Kg3 Ke6 45. Kf4 f6 46. h4 Rb4+ 47. Kg3 Rb6 48. Kf4 Kd6 49. Rd1+ Kc7 50. Rd7+ Kb8
51. Rd6 Rf8 52. c7+
1-0

[Event "Summertime Unity Tournament"]
[Site "SchemingMind.com"]
[Date "2016.08.24"]
[Round "-"]
[White "Scooter"]
[Black "Clive Everill"]
[Result "1-0"]
[WhiteCountry "USA"]
[BlackCountry "CZE"]
[WhiteElo "1777"]
[WhiteRD "56"]
[BlackElo "1716"]
[BlackRD "55"]
[GameID "402866"]

1. d4 f5 2. Nf3 g6 3. Bf4 Nf6 4. e3 Bg7 5. h3 d6 6. Be2 O-O 7. O-O c6 8. Nbd2 Nbd7 9. c4 Re8 10. Ng5 Nf8
11. Rc1 e5 12. dxe5 dxe5 13. Bg3 N6d7 14. b4 Qxg5 15. Nf3 Qe7 16. c5 f4 17. exf4 exf4 18. Bc4+ Kh8 19. Bxf4 Qd8 20. Re1 Rxe1+
21. Qxe1 Nf6 22. Rd1 N8d7 23. Ne5 Qe8 24. Bf7 Qd8 25. Bxg6 hxg6 26. Nf7+
1-0

[Event "Summertime Unity Tournament"]
[Site "SchemingMind.com"]
[Date "2016.08.25"]
[Round "-"]
[White "Clive Everill"]
[Black "kenneth m day"]
[Result "1-0"]
[WhiteCountry "CZE"]
[BlackCountry "USA"]
[WhiteElo "1711"]
[WhiteRD "57"]
[BlackElo "1724"]
[BlackRD "56"]
[GameID "402867"]

1. e4 e5 2. f4 exf4 3. Nf3 g5 4. Nc3 Nc6 5. d4 Bg7 6. d5 Ne5 7. d6 g4 8. dxc7 Qxc7 9. Nd4 f3 10. gxf3 d6
11. f4 Ng6 12. Be3 N8e7 13. Qd2 a6 14. O-O-O O-O 15. h4 h5 16. Bd3 Bd7 17. Rde1 b5 18. Nf5 Nxf5 19. exf5 Ne7 20. Be4 Rab8
21. Bd4 Nxf5 22. Bxg7 Kxg7 23. Nd5 Qc5 24. Bxf5 Bxf5 25. Ne7 Be6 26. f5 Bxa2 27. Qg5+ Kh7 28. Qxh5+ Kg7 29. Qxg4+
1-0

[Event "Summertime Unity Tournament"]
[Site "SchemingMind.com"]
[Date "2016.08.24"]
[Round "-"]
[White "kenneth m day"]
[Black "Clive Everill"]
[Result "1-0"]
[WhiteCountry "USA"]
[BlackCountry "CZE"]
[WhiteElo "1724"]
[WhiteRD "56"]
[BlackElo "1711"]
[BlackRD "57"]
[GameID "402868"]

1. e4 e5 2. Nf3 Nc6 3. c3 d5 4. Qa4 f6 5. d3 Bc5 6. b4 dxe4 7. dxe4 Bb6 8. Bc4 Ne7 9. Qb3 Rf8 10. O-O Bg4
11. Nbd2 Qd6 12. Rd1 Qd8 13. Ba3 Qc8 14. h3 Bh5 15. Be6 Qb8 16. Nc4 Bxf3 17. Bd7+ Kd8 18. gxf3 Nd4 19. Be6 Ke8 20. cxd4 Bxd4
21. Rac1 a6 22. Ne3 c6 23. Nc4 Qa7 24. Nd6+ Kd8 25. Rc2 Kc7 26. b5 Bb6 27. Nf7 c5 28. Rd7+ Kc8 29. Rxe7+ Kb8 30. Qd5 axb5
31. Qd6+
1-0

[Event "Summertime Unity Tournament"]
[Site "SchemingMind.com"]
[Date "2016.08.24"]
[Round "-"]
[White "Clive Everill"]
[Black "ray winteringham"]
[Result "1-0"]
[WhiteCountry "CZE"]
[BlackCountry "ENG"]
[WhiteElo "1706"]
[WhiteRD "55"]
[BlackElo "1490"]
[BlackRD "52"]
[GameID "402869"]

1. Nc3 d5 2. d3 e5 3. e4 Bb4 4. Bd2 d4 5. Nce2 Qd6 6. c3 dxc3 7. Bxc3 f6 8. Qa4+ Nc6 9. Rd1 Bd7 10. Qb3 Be6
11. Qa4 Ne7 12. Nf3 O-O 13. g3 a5 14. a3 Bxc3+ 15. Nxc3 Bd7 16. Qc2 Nd8 17. Bg2 Qc5 18. Qd2 Nec6 19. Rc1 Qe7 20. Nd5 Qd6
21. O-O Be6 22. Ne3 Nf7 23. Nh4 Qd7 24. f4 Nd4 25. Qf2 exf4 26. gxf4 Bh3 27. Bxh3 Qxh3 28. Rxc7 Rac8 29. Rfc1 Rxc7 30. Rxc7 g5
31. Nhf5 Nf3+ 32. Kh1 g4 33. Qg3 b6 34. Qxh3 gxh3 35. Nd5 Kh8 36. Nxf6 Ne1 37. Nh6 Kg7 38. Nhg4 h5 39. Nxh5+ Kg6 40. Ng3 Nxd3
41. Rc6+ Kg7 42. Nf5+ Kg8 43. Rg6+ Kh7 44. Rg7+ Kh8 45. Nf6 Ng5 46. fxg5 Rxf6 47. gxf6 Ne5 48. Nh6 b5 49. Nf7+
1-0

[Event "Summertime Unity Tournament"]
[Site "SchemingMind.com"]
[Date "2016.08.24"]
[Round "-"]
[White "ray winteringham"]
[Black "Clive Everill"]
[Result "0-1"]
[WhiteCountry "ENG"]
[BlackCountry "CZE"]
[WhiteElo "1490"]
[WhiteRD "52"]
[BlackElo "1706"]
[BlackRD "55"]
[GameID "402870"]

1. e4 Nc6 2. d4 d6 3. Bb5 a6 4. Ba4 Bd7 5. Bb3 e6 6. Qf3 f6 7. Qh5+ g6 8. Qd1 Bg7 9. Be3 Nge7 10. Nf3 Na5
11. Nbd2 O-O 12. c3 Bb5 13. Bxe6+ Kh8 14. c4 Be8 15. b4 Nac6 16. a3 Qb8 17. c5 dxc5 18. dxc5 Nd8 19. Bc4 b5 20. Bb3 Nec6
21. O-O f5 22. exf5 Rxf5 23. Ne4 Bf7 24. Rb1 Bxb3 25. Qxb3 Nf7 26. Neg5 Nxg5 27. Nxg5 Qf8 28. Rbd1 Re8 29. Rd7 Re7 30. Rdd1 h6
31. Ne6 Qf7 32. Bxh6 Bxh6 33. Qc3+ Kh7 34. Nd4 Bg7 35. Qh3+ Rh5 36. Qg4 Nxd4 37. Rxd4 Bxd4 38. Qxd4 Qe6 39. h3 Rd7 40. Qa1 Rg5
41. Re1 Qxh3 42. g3 Rh5
0-1

[Event "Summertime Unity Tournament"]
[Site "SchemingMind.com"]
[Date "2016.08.24"]
[Round "-"]
[White "Clive Everill"]
[Black "Stephen Woodhouse"]
[Result "0-1"]
[WhiteCountry "CZE"]
[BlackCountry "ENG"]
[WhiteElo "1716"]
[WhiteRD "55"]
[BlackElo "1872"]
[BlackRD "55"]
[GameID "402871"]

1. e4 e6 2. d4 d5 3. Nc3 Nf6 4. Bg5 dxe4 5. Nxe4 Be7 6. Bxf6 Bxf6 7. Nf3 O-O 8. Qd2 Nd7 9. O-O-O b6 10. Qf4 Bb7
11. h4 Be7 12. Bd3 Nf6 13. Nxf6+ Bxf6 14. Ng5 h6 15. Nh7 Re8 16. Nxf6+ Qxf6 17. Qxf6 gxf6 18. Rh3 Kf8 19. g4 Ke7 20. f4 Rad8
21. c3 Rg8 22. Rg3 Rg7 23. Rdg1 Rdg8 24. Kd2 Kd6 25. Ke3 e5 26. fxe5+ fxe5 27. dxe5+ Kxe5 28. Bf5 h5 29. Bc2 Rxg4 30. Rxg4 Rxg4
31. Rxg4 hxg4 32. h5 f5 33. h6 f4+ 34. Kf2 g3+ 35. Kg1 Kf6 36. h7 Kg7 37. Bd3 f3 38. a3 f2+ 39. Kf1 Bf3 40. b4 c5
41. bxc5 bxc5 42. c4 Bc6 43. Bf5 Bf3 44. Bd3 Kh8 45. Bg6 Bg4 46. Be4 Bh3+ 47. Bg2 Bxg2+ 48. Kxg2 Kxh7 49. a4 a5 50. Kf1 Kg6
51. Kg2 Kf5 52. Kf1 Ke4
0-1

[Event "Summertime Unity Tournament"]
[Site "SchemingMind.com"]
[Date "2016.08.24"]
[Round "-"]
[White "Stephen Woodhouse"]
[Black "Clive Everill"]
[Result "1-0"]
[WhiteCountry "ENG"]
[BlackCountry "CZE"]
[WhiteElo "1860"]
[WhiteRD "54"]
[BlackElo "1706"]
[BlackRD "55"]
[GameID "402872"]

1. e4 d6 2. d4 Nf6 3. Nc3 Nbd7 4. f4 e5 5. dxe5 dxe5 6. Nf3 Bd6 7. fxe5 Nxe5 8. Nxe5 Bxe5 9. Qxd8+ Kxd8 10. Bg5 Bxc3+
11. bxc3 Bg4 12. h3 Bh5 13. g4 Bg6 14. O-O-O+ Ke8 15. Bd3 Nd7 16. Rhe1 f6 17. Bf4 c6 18. e5 Bxd3 19. exf6+ Kf7 20. fxg7 Kxg7
21. Rxd3 Nf6 22. g5 Nd5 23. Be5+
1-0

[Event "Summertime Unity Tournament"]
[Site "SchemingMind.com"]
[Date "2016.08.27"]
[Round "-"]
[White "Clive Everill"]
[Black "Wojtek26"]
[Result "1/2-1/2"]
[WhiteCountry "CZE"]
[BlackCountry "POL"]
[WhiteElo "1716"]
[WhiteRD "55"]
[BlackElo "1469"]
[BlackRD "44"]
[GameID "402873"]

1. Nf3 d5 2. c4 e6 3. g3 Nf6 4. Bg2 Bc5 5. O-O O-O 6. d4 Bd6 7. c5 Be7 8. Nc3 Bd7 9. Ne5 Nc6 10. Nxd7 Qxd7
11. Re1 Nb4 12. a3 Nc6 13. Bf4 Nh5 14. Be3 a6 15. b4 e5 16. Nxd5 exd4 17. Bxd4 Nxd4 18. Qxd4 c6 19. Nxe7+ Qxe7 20. e4 Rad8
21. Qc4 Rfe8 22. Rad1 Nf6 23. Rxd8 Rxd8 24. f4 Rd2 25. h3 Qd7 26. e5 Ne8 27. e6 fxe6 28. Rxe6 Rd1+ 29. Kh2 Kh8 30. Qe4 Nf6
31. Qe5 h6 32. Re7 Qc8 33. g4 Rd7 34. Re6 Rd8 35. g5 Nd7 36. Qe4 hxg5 37. fxg5 Qc7+ 38. Kg1 Nf8 39. Re7 Rd1+ 40. Bf1 Qg3+
41. Qg2 Qxa3 42. Rxb7 Qe3+ 43. Kh1 Qe1 44. Rf7 Kg8 45. Qf3 Ng6 46. Qf5 Qg3 47. Qxg6 Qxh3+=
1/2-1/2

[Event "Summertime Unity Tournament"]
[Site "SchemingMind.com"]
[Date "2016.08.24"]
[Round "-"]
[White "Wojtek26"]
[Black "Clive Everill"]
[Result "0-1"]
[WhiteCountry "POL"]
[BlackCountry "CZE"]
[WhiteElo "1469"]
[WhiteRD "44"]
[BlackElo "1716"]
[BlackRD "55"]
[GameID "402874"]

1. d4 f5 2. Nf3 Nf6 3. e3 e6 4. Bc4 Nc6 5. O-O Na5 6. Bd3 Be7 7. Bd2 Nc6 8. c4 O-O 9. a3 b6 10. b4 Bb7
11. Bc3 Nb8 12. Ne5 d6 13. Nf3 Nbd7 14. Nbd2 Ne4 15. Ne1 Nxc3 16. Qc2 Ne4 17. Nxe4 fxe4 18. Bxe4 Bxe4 19. Qxe4 e5 20. d5 Nf6
21. Qd3 Ng4 22. h3 Nh6 23. Nf3 Nf5 24. b5 a5 25. a4 Qe8 26. Rfe1 Bd8 27. e4 Nh6 28. Qe3 Bf6 29. Ng5 Bxg5 30. Qxg5 Qf7
31. Qe3 Qh5 32. Ra2 Rf6 33. Qe2 Qg6 34. Rf1 Raf8 35. Qe3 Nf7 36. Re1 Ng5 37. Rae2 Rf4 38. Qg3 Qh5 39. Qd3 Nf3+ 40. gxf3 Qxh3
0-1